[Event "Arco op 36th"]
[Site "Arco"]
[Date "2014.10.12"]
[Round "9"]
[White "Ottaviani, Gianluca"]
[Black "Favre, Bruno"]
[Result "1/2-1/2"]
[WhiteElo "1982"]
[BlackElo "1904"]
[PlyCount "61"]
[EventDate "2014.10.04"]
[EventType "swiss"]
[EventRounds "9"]
[EventCountry "ITA"]
[SourceTitle "EXT 2016"]
[Source "ChessBase"]
[SourceDate "2015.10.08"]
[SourceVersion "1"]
[SourceVersionDate "2015.10.08"]
[SourceQuality "1"]

1. e4 c6 2. d4 d5 3. Nc3 dxe4 4. Nxe4 Bf5 5. Ng3 Bg6 6. Nf3 Nd7 7. Bc4 Ngf6 8. 0-0 e6 9. Re1 Nd5 10. Bd3 Be7 11. c4 N5b6 12. Bf4 0-0 13. a3 a5 14. Qe2 Bxd3 15. Qxd3 Nf6 16. Red1 Re8 17. Qc2 Nbd7 18. Be5 Nf8 19. Qb3 Qc8 20. Qe3 Ng6 21. h3 Rd8 22. Bxf6 Bxf6 23. Nh5 Qc7 24. Nxf6+ gxf6 25. g3 Rd7 26. h4 Qd8 27. Qe4 Qf8 28. Qg4 Qg7 29. h5 Ne7 30. Qf4 Rad8 31. Qe4 1/2-1/2

[Event "Arco op 36th"]
[Site "Arco"]
[Date "2014.10.11"]
[Round "8"]
[White "Favre, Bruno"]
[Black "Casagrande, Fabio"]
[Result "1/2-1/2"]
[WhiteElo "1904"]
[BlackElo "1959"]
[PlyCount "29"]
[EventDate "2014.10.04"]
[EventType "swiss"]
[EventRounds "9"]
[EventCountry "ITA"]
[SourceTitle "EXT 2016"]
[Source "ChessBase"]
[SourceDate "2015.10.08"]
[SourceVersion "1"]
[SourceVersionDate "2015.10.08"]
[SourceQuality "1"]

1. d4 Nf6 2. Nf3 e6 3. e3 d5 4. Bd3 b6 5. Nbd2 Bb7 6. Qe2 Ne4 7. 0-0 Be7 8. Ne1 0-0 9. f3 Nxd2 10. Bxd2 f5 11. c3 Nd7 12. f4 Nf6 13. Nf3 Ne4 14. Ne5 Bf6 15. Nf3 1/2-1/2

[Event "Nago Torbole op-A"]
[Site "Nago Torbole"]
[Date "2010.12.28"]
[Round "5"]
[White "Favre, Bruno"]
[Black "Bevilacqua, Maurizio"]
[Result "0-1"]
[WhiteElo "1964"]
[BlackElo "2156"]
[PlyCount "48"]
[EventDate "2010.12.26"]
[EventType "swiss"]
[EventRounds "7"]
[EventCountry "ITA"]
[SourceTitle "EXT 2024"]
[Source "ChessBase"]
[SourceDate "2023.10.10"]
[SourceVersion "1"]
[SourceVersionDate "2023.10.10"]
[SourceQuality "1"]

1. d4 Nf6 2. Nf3 c5 3. c4 e6 4. Nc3 d5 5. cxd5 exd5 6. g3 Nc6 7. Bg2 Be7 8. 0-0 h6 9. h3 0-0 10. Be3 cxd4 11. Nxd4 Re8 12. Qd2 Ne5 13. b3 Bb4 14. a3 Ba5 15. f3 Bd7 16. Bf2 Rc8 17. Rac1 a6 18. Rfd1 Qe7 19. b4 Bb6 20. Nb3 Bxf2+ 21. Kxf2 Bc6 22. Nd4 Nc4 23. Nxc6 bxc6 24. Qa2 Qa7+ 0-1

[Event "Corfu op"]
[Site "Corfu"]
[Date "2007.10.08"]
[Round "7"]
[White "Kleifges, Matthias"]
[Black "Favre, Bruno"]
[Result "1-0"]
[WhiteElo "2152"]
[BlackElo "1990"]
[PlyCount "87"]
[EventDate "2007.10.01"]
[EventType "swiss"]
[EventRounds "9"]
[EventCountry "GRE"]
[SourceTitle "CBM 120 Extra"]
[Source "ChessBase"]
[SourceDate "2007.11.01"]
[SourceVersion "1"]
[SourceVersionDate "2007.11.01"]
[SourceQuality "1"]

1. e4 c6 2. d4 d5 3. exd5 cxd5 4. c4 Nf6 5. Nc3 Nc6 6. c5 e5 7. dxe5 Ne4 8. Nxe4 dxe4 9. Qxd8+ Kxd8 10. Be3 Be6 11. f4 exf3 12. Nxf3 Be7 13. Bb5 Kc7 14. a3 Rhd8 15. Ke2 Rd7 16. Rhd1 Rad8 17. Rxd7+ Rxd7 18. b4 Bg4 19. h3 Bxf3+ 20. gxf3 Rd5 21. f4 Nd4+ 22. Bxd4 Rxd4 23. Ke3 Rd8 24. Rg1 Bf8 25. Bc4 Rd7 26. f5 b6 27. e6 Re7 28. Kd4 bxc5+ 29. bxc5 fxe6 30. fxe6 g6 31. Bd5 Bg7+ 32. Kc4 Bf6 33. Kb5 Bd4 34. Rf1 h6 35. Rf7 Rxf7 36. exf7 Bg7 37. a4 Bf8 38. c6 Bd6 39. Ka6 Bc5 40. a5 g5 41. Bf3 Kb8 42. Kb5 Bd6 43. Kc4 Kc7 44. Kd5 1-0